00740nam a2200241Ia 4500001000600000003000900006008004100015040001300056040001300069041001300082100001600095100002900111245005600140245003100196250001100227260001200238260001300250260004900263300005700312500007600369650002200445650003100467A9067IT-RoPAU130308s9999 xx 000 0 und d aIT-RoPAU cIT-RoPAU aITALIANO aFrezza Gino gCodice Aut. SPICS: 6417 aMutazioni del doppio-Identità€ segreta e alter ego bCrepuscolo degli Eroi (Il) a1a ed. aBOLOGNA bTelemaco c1992 [1° Ed.:1992 - Ed.Ling.Originale:1992] a"20 p. (prefazione: no ; testo: 20 [pagine: 27-46])" aSaggio Sugli Eroi del Fumetto. Superman. Storia ed Evoluzione del Mito. aSAGGI SUL FUMETTO eCodice materia Spics: 6711